Statystyki dla Najsmutniejsze kraje na świecie

Kliknij tutaj aby rozwiązać quiz!

Ogólne statystyki

  • Ten quiz został rozwiązany 69 razy
  • Średni wynik to 24 z 50

Statystyki odpowiedzi

Wskaźnik szczęściaKraj% Poprawnych
2.523Afganistan
70%
3.819Indie
70%
4.875Ukraina
70%
4.854Irak
64%
4.721Iran
64%
4.759Nigeria
61%
4.355Czad
59%
4.073Zambia
59%
3.658Jemen
57%
4.934Pakistan
57%
4.956Republika Południowej Afryki
57%
4.596Tunezja
54%
4.887Algieria
52%
4.283Egipt
52%
4.723Mali
52%
4.275Etiopia
50%
4.607Kenia
50%
4.918Maroko
50%
4.794Mozambik
50%
3.775Burundi
48%
4.984Gwinea
48%
4.584Liban
48%
4.892Wenezuela
48%
3.145Zimbabwe
48%
5.025Bangladesz
46%
3.512Lesotho
46%
3.415Rwanda
46%
4.308Eswatini
45%
4.852Gabon
45%
4.208Madagaskar
45%
4.574Namibia
45%
3.623Tanzania
45%
4.107Togo
45%
4.948Turcja
45%
4.636Uganda
45%
4.395Jordania
41%
4.227Mauretania
41%
3.849Sierra Leone
41%
4.426Mjanma
39%
5.045Benin
38%
4.830Kambodża
38%
4.325Sri Lanka
38%
3.467Botswana
36%
4.834Burkina Faso
36%
3.615Haiti
34%
4.891Gruzja
32%
5.030Laos
32%
4.625Liberia
32%
3.600Malawi
30%
4.289Komory
29%

Rozkład punktacji

Percentyl według liczby udzielonych odpowiedzi

Procent ludzi z każdym wynikiem

Twoja historia wyników

Nie rozwiązałeś tego quizu